[Event "EU-Cup 14th Group1"]
[Site "Breda"]
[Date "1998.09.19"]
[Round "2"]
[White "Thoma, Robert"]
[Black "Santos, Carlos Pereira Dos"]
[Result "1/2-1/2"]
[WhiteElo "2285"]
[BlackElo "2400"]
[PlyCount "140"]
[EventDate "1998.09.18"]
[EventType "team-k.o."]
[EventRounds "3"]
[EventCountry "NED"]
[SourceTitle "EXT 2020"]
[Source "ChessBase"]
[SourceDate "2019.10.17"]
[SourceVersion "1"]
[SourceVersionDate "2019.10.17"]
[SourceQuality "1"]
[WhiteTeam "Hohenems"]
[BlackTeam "Porto Boavista"]
[WhiteTeamCountry "AUT"]
[BlackTeamCountry "POR"]

1. Nf3 Nf6 2. c4 e6 3. g3 b6 4. Bg2 Bb7 5. 0-0 c5 6. Nc3 Be7 7. d4 cxd4 8. Qxd4 d6 9. b3 Nbd7 10. Bb2 a6 11. Rfd1 0-0 12. Rac1 Qb8 13. Ne1 Rc8 14. Ne4 Ne8 15. Ba3 Nc5 16. Nxc5 bxc5 17. Qd2 a5 18. Rb1 Bxg2 19. Nxg2 Rc6 20. Bb2 Rb6 21. Qc2 a4 22. bxa4 Qa7 23. Bc3 Rxb1 24. Rxb1 Qxa4 25. Qxa4 Rxa4 26. Rb8 Kf8 27. Bxg7+ Kxg7 28. Rxe8 Rxa2 29. Nf4 Bg5 30. Nh5+ Kh6 31. g4 Rxe2 32. f4 Bh4 33. Rg8 d5 34. cxd5 c4 35. dxe6 fxe6 36. Rc8 Re4 37. Kg2 Be7 38. Kf3 Rd4 39. Ke3 e5 40. Rc6+ Rd6 41. Rxc4 exf4+ 42. Kxf4 Kg6 43. Ng3 Rd2 44. Rc6+ Kf7 45. Rh6 Bd6+ 46. Ke3 Bxg3 47. Rxh7+ Kg6 48. hxg3 Rg2 49. Rh3 Kf6 50. Kf3 Ra2 51. Rh5 Kg6 52. Re5 Ra4 53. Re6+ Kg5 54. Re5+ Kg6 55. Re4 Ra1 56. Re6+ Kg5 57. Re5+ Kg6 58. Kg2 Rb1 59. Re8 Ra1 60. Rf8 Rb1 61. Rg8+ Kf7 62. Ra8 Kg6 63. Ra5 Rc1 64. Re5 Ra1 65. Kf3 Rf1+ 66. Kg2 Ra1 67. g5 Ra3 68. Kh3 Ra4 69. Rb5 Rc4 70. g4 Rc1 1/2-1/2